00677nam a2200181 4500003000400000008004100004020001800045082001600063100001500079245009300094260003000187300001000217650002400227650001300251942001200264999001700276952020200293OSt240726b |||||||| |||| 00| 0 eng d a9780753553503 a815.08bSTS aALLEN, W.H aStay hungry stay foolish: advice for the rest of your life-classic graduation speeches.. aLondon:bWH Allen,c2019. a218p. aEnglish Literature  aFiction  2ddccBK c12808d12808 00102ddc40708GENERALaPIETbPIETd2024-07-26eZafaa Books and DistributorsfIn rupeesg599.00kZBD0089l1o815.08 STSp38382q2025-02-17r2024-07-30 00:00:00s2024-07-30v389.35w2024-07-04yBK